Palubný výstroj riečnych plavidiel

Bibliographic Details
Main Authors: Tomašovits, Ján (Author), Sander, Juraj (Author)
Format: Book
Language:Slovak
PhysicalDescription:90, [5] s. 8°
Published: Bratislava Slovenský ústav pre technické a ekonomické informácie 1956
Subjects:

MARC

LEADER 00000cam a2200000 a 4500
001 vtls008324088
003 SK-MaSNL
005 20260302074323.0
008 240318s1956 xo a 000 0 slo
015 |a SKSNBA1956/06-00738 
035 |a SK01SNK19560016305 
035 |a SKM000018768 
040 |a SNK  |b slo  |c SNK  |e AACR2 
041 0 |a slo 
044 |a xo  |c SK 
080 |a 621.88(075.8)  |2 1981 
100 1 |a Tomašovits, Ján  |4 aut  |9 739816 
245 1 0 |a Palubný výstroj riečnych plavidiel  |c J. Tomašovits, J. Sander 
260 |a Bratislava  |b Slovenský ústav pre technické a ekonomické informácie  |c 1956 
300 |a 90, [5] s.  |c 8° 
366 |e 420 výtl. 
500 |a Ilustr. Tab. Diferenciálny odborný slov. čes.-slov. 
650 0 7 |a lode  |2 SNK  |9 28713 
650 0 7 |a výstroj palubný  |x lode riečne  |x príručky  |2 SNK  |9 739817 
655 7 |a príručky  |2 SNKPH  |9 74364 
700 1 |a Sander, Juraj  |4 aut  |9 739818 
852 |a Slovenská národná knižnica v Martine  |b 10000  |h SD 10913 
958 |a OND 
958 |a RM 
958 |a RK 
999 |c 1164579  |d 1166509 
952 |a SNK  |b SNK  |y PREZ  |7 0  |p 17A0447787  |o snkSD 10913  |i snkKSP 1556/56  |0 0  |1 0  |4 0  |d 2004-11-16  |l 0  |r 2025-11-24 00:00:00  |w 2026-02-24 
952 |a SNK  |b SNK  |y VYP  |7 0  |p 17A1151557  |o snkSD 10913 D1  |i snkKSP 2131/56  |0 0  |1 0  |4 0  |d 2017-04-19  |l 0  |r 2026-02-24 20:45:02  |w 2026-02-24